1055 1648 1814 1288 1500 1540 1490 1974 1936 1186 1240 1267 1364 1122 1078 1425 1824 1478 1141 1330 1585 1146 1089 1321 1224 1486 1709 1777 1622 1675 1100 1835 1172 1562 1078 1955 1762 1738 1221 1878 1566 1910 1116 1348 1585 1439 1123 1610 1586 1609 1063 1327 1666 1677 1124 1332 1918 1965 1928 1773 1337 1198 1485 1756 1980 1735 1930 1869 1127 1481 1099 1941 1054 1050 1219 1496 1034 1016 1503 1591 1137 1525 1388 1661 1939 1766 1956 1055 1613 1993 1929 1388 1182 1483 1176 1167 1400 1379 1086 BCNSPRNW ULIB Ver.6.0+V

เปลี่ยนเป็นภาษาไทย

Change to English
 แสดงรายละเอียดบรรณานุกรม
  กลับหน้าหลัก

Brief Record : Get Marc (ISO 2709) : E-mail record : QR code < ปิดหน้าต่าง
LEADER : 00000nam 2200000uu 4500
001    13399120354
003     ULIB
008    120918s2550||||th 000 0 tha d
020    ^a9789746722384
060 04 ^aWY157^bส739ก 2550
100 0  ^aสุกัญญา ปริสัญญกุล
245 10 ^aการพยาบาลสตรีในระยะคลอด /^cสุกัญญา ปริสัญญกุล, นันทพรแสนศิริพันธ์
250    ^aพิมพ์ครั้งที่ 1
260    ^aเชียงใหม่ :^bโครงการตำรา คณะพยาบาลศาสตร์มหาวิทยาลัยเชียงใหม่,^c2550
300    ^aก-ฎ, 224 หน้า :^bภาพประกอบ ;^c27 ซม.
650  7 ^aการคลอด
650  7 ^aการพยาบาลสูติศาสตร์
650  7 ^aความเจ็บปวด
700 0  ^aนันทพร แสนศิริพันธ์
710 2  ^aมหาวิทยาลัยเชียงใหม่. ^bคณะพยาบาลศาสตร์
945    ^p280^l0^i16451
995    ^aวิภา
999 ^a ใช้งานได้ทุกระบบ
รายการนี้ยังไม่มีแท็ก
คุณยังไม่ได้ล็อกอิน คุณสามารถมีกิจกรรมร่วมกับเว็บไซต์ได้ แต่ต้องล็อกอินก่อน ::
  ล็อกอิน

รายการสื่อสารสนเทศ

ลำดับที่ ประเภท เลขเรียก/บาร์โค้ด สถานที่ สถานะ
1. Book การพยาบาล
Book การพยาบาล
WY157 ส739ก 2550 ฉ.2 
  Barcode: 16451
ห้องสมุดวิทยาเขตสวรรค์ประชารักษ์
►ส่วนจัดเก็บหนังสือเก่า สปร
บนชั้น
  ขอยืม

รายการใกล้เคียง
    ผู้แต่ง [สุกัญญา ปริสัญญกุล]

    หัวเรื่อง [การคลอด]
    หัวเรื่อง [การพยาบาลสูติศาสตร์]
    หัวเรื่อง [ความเจ็บปวด]

BibComment


ยังไม่เคยถูกคอมเมนท์

คอมเมนท์ทรัพยากรรายการนี้
  คอมเมนท์: การพยาบาลสตรีในร..


 Copyright 2026. Bcnsprnw @Library